| 000 | 00000nam 2200000za 4500 |
| 001 | 9.854836 |
| 003 | CaOODSP |
| 005 | 20221107155145 |
| 007 | cr ||||||||||| |
| 008 | 180406t20182017qucab ob f000 0 eng d |
| 020 | |z9781100232928 |
| 040 | |aCaOODSP|beng |
| 043 | |an-cn-qu |
| 086 | 1 |aCW66-573/2018E-PDF|zCW66-386/2015E-PDF |
| 100 | 1 |aRoberge, Benoît. |
| 245 | 10|aBaie de l’Isle-Verte National Wildlife Area management plan |h[electronic resource]. |
| 260 | |aGatineau, QC : |bEnvironment and Climate Change Canada, |c[2018], c2017. |
| 300 | |avi, 75 p. : |bcol. ill., col. maps |
| 500 | |aIssued also in French under title: Plan de gestion de la réserve nationale de faune de la baie-de-l’Isle-Verte. |
| 500 | |aCover title. |
| 500 | |aManagement plan developed by: Benoît Roberge. Cf. Acknowledgements. |
| 500 | |aIncorrect catalogue number (CW66-386/2015E-PDF) and ISBN (978-1-100-23292-8) printed in this publication. |
| 504 | |aIncludes bibliographical references. |
| 692 | 07|2gccst|aConservation areas |
| 692 | 07|2gccst|aManagement |
| 710 | 2 |aCanadian Wildlife Service. |bQuebec Region. |
| 710 | 1 |aCanada. |bEnvironment and Climate Change Canada. |
| 775 | 08|tPlan de gestion de la réserve nationale de faune de la baie-de-l’Isle-Verte |w(CaOODSP)9.854837 |
| 794 | |tBaie-de-L’Isle-Verte National Wildlife Area management plan 2018.|w(CaOODSP)9.865209 |
| 856 | 40|qPDF|s4.32 MB|uhttps://publications.gc.ca/collections/collection_2018/eccc/CW66-573-2018-eng.pdf |